| 000 | 00770nam a2200217Ii 4500 | ||
|---|---|---|---|
| 003 | JO-AjNU | ||
| 008 | 230605s9999||||xx |||||||||||||| ||und|| | ||
| 017 | _a2000/5/1748 | ||
| 040 |
_aJO-AjNU _bara _erda _cJO-AjNU |
||
| 041 | _aara | ||
| 050 | 1 | 4 | _aQA135.6 2002 |
| 100 | 3 |
_aابو لوم، خالد، م مشارك سليمان ابو هاني , _eauthor _957725 |
|
| 245 | 0 | 0 | _aالالعاب في تدريس الرياضيات |
| 250 | _aط2 | ||
| 264 | 3 | 1 | _aالاردن: دار الفكر للطباعة والنشر والتوزيع،2002 |
| 300 |
_a159ص _bببليوجرافيا158-159 |
||
| 336 |
_atext _btxt _2rdacontent |
||
| 337 |
_aunmediated _bn _2rdamedia |
||
| 338 |
_avolume _bnc _2rdacarrier |
||
| 650 | 4 |
_aالرياضيات-تعليم _957726 |
|
| 999 |
_aA25885 _c29453 _d29453 |
||